Open Data Biblioteca Nacional de Portugal


República Portuguesa: Ministério da Cultura
Biblioteca Nacional de Portugal

Catálogo da BNP: acesso por Identificadores Unívocos
Registos Bibliográficos associados ao registo de autoridade

Etiqueta de registo: 00560cas 2200217 450
001 836029
003 http://id.bnportugal.gov.pt/bib/catbnp/836029
100 ## $a19990126b19681970m y0pory01030103ba
101 0# $apor
102 ## $aPT
106 ## $ar
110 ## $aafazz 0uu0
200 1# $aPisca-Pisca$fdir. Álvaro Parreira$epropr. Editorial Mocidade
207 #0 $aA. 1, nº 1 (jan. 1968) - a. 3, nº 33 (dez. 1970)
210 #9 $aLisboa$cEditorial Mocidade,$d1968-1970
215 ## $d29 cm
317 ## $aColeção Leandro de Moraes Sarmento$5PTBN: L.M.S. 13
326 ## $aMensal
606 ## $aPublicações para jovens$x [ Periódicos]$2SIPOR$31993606
620 ## $dLisboa
675 ## $a087.5(05)$vmed$zpor$3288171
702 #1 $aParreira,$bAlvaro$4300$359160
712 02 $91$aEditorial Mocidade$4650$31994813
801 #0 $aPT$bBN$gRPC
966 ## $lBN$mFGREV$pBiblioteca particular Leandro de Moraes Sarmento$sL.M.S. 13 $x3
966 ## $lBN$mFGREV$sP.P. 12510 V.$x1

Etiqueta de registo: 00560cas 2200217 450
001 2254495
003 http://id.bnportugal.gov.pt/bib/catbnp/2254495
100 ## $a20260126b19711974m y0pory01030103ba
101 0# $apor
102 ## $aPT
106 ## $ar
110 ## $aadazz 0uu0
200 1# $aMini Época$fdir. Álvaro Parreira... [et al.]$gpropr. Empresa Nacional de Publicidade
207 #0 $aNº 1 (24 dez. 1971) - nº 113 (20 abr. 1974)
210 #9 $aLisboa$cEmpresa Nacional de Publicidade,$d1971-1974
215 ## $d29 cm
312 ## $aSuplemento destacável, publicado como parte integrante do jornal A Época
317 ## $aColeção Leandro de Moraes Sarmento$5PTBN: L.M.S. 43
326 ## $aQuinzenal
422 #1 $100192559$tÉpoca$cLisboa$bEmpresa Nacional de Publicidade$d1971-1974
606 ## $aBanda desenhada$x[Periódicos]$2SIPOR$3887831
606 ## $aLiteratura juvenil$x[Periódicos]$2SIPOR$31883993
620 ## $dLisboa
675 ## $a741.5(05)$vBN$zpor$3300845
675 ## $a087.5(05)$vBN$zpor$3288171
702 #1 $aParreira,$bAlvaro$4300$359160
712 02 $aEmpresa Nacional de Publicdade$4650$31989816
801 #0 $aPT$bBN$gRPC
966 ## $lBN$mFGJOR$pBiblioteca particular Leandro de Moraes Sarmento$sL.M.S. 43 $x3
971 ## $cisantos$d20260126

Etiqueta de registo: 00521cam 02200205 04500
001 216025
003 http://id.bnportugal.gov.pt/bib/catbnp/216025
100 ## $a19980101d1962 m y0pora0103 ba
101 0# $apor
102 ## $aPT
200 1# $aGrandes portugueses$gtexto de Agostinho Macedo... [et al.] $gdes. de Baptista Mendes... [et al.]
210 #9 $aLisboa$cCamarada,$d[D.L. 1962]
215 ## $a2 vols.$cil.$d30 cm
304 ## $aOutros autores: Álvaro Parreira, António João Bispo, Helena Sabóia, Manuel Rodrigues, Pinto Coelho, Rui de Abreu, José Antunes, Manuel Ferreira, Hernani Lopes, José Garcês, José Ruy e Victor Paiva
317 ## $aColeção Leandro de Moraes Sarmento$5PTBN: L.M.S. 652; L.M.S. 653
327 11 $aVol. 1: (20 p.). - Vol. 2: (22 p.)
606 ## $aPersonalidades portuguesas$xBiografias coletivas$jBanda desenhada$2SIPOR$31996529
606 ## $aPortugal$xHistória$xObras para a juventude$2SIPOR$31996523
675 ## $a929.5(469)(084.11)$vBN$zpor$31996527
700 #1 $91$aMacedo,$bAgostinho$3219386
701 #1 $aParreira,$bAlvaro$4070$359160
701 #1 $aBispo,$bAntónio João$4070$314467
701 #1 $91$aSabóia,$bHelena$4070$31996544
701 #1 $91$aAbreu,$bRui de$31996547
702 #1 $aMendes,$bBaptista$4440$345575
702 #1 $918$aRodrigues,$bManuel$4440$31996545
702 #1 $95$aCoelho,$bJosé Pinto$4440$31996546
702 #1 $aAntunes,$bJosé,$f1937-2010$4440$31557876
702 #1 $91$aFerreira,$bManuel$4440$335296
702 #1 $94$aLopes,$bHernâni$4440$31996548
702 #1 $aGarcês,$bJosé,$f1928-2020$4440$330188
702 #1 $aRui,$bJosé,$f1930-2022$4440$354131
702 #1 $aPaiva,$bVítor$4440$3147609
801 #0 $aPT$bBN$gRPC
966 ## $lBN$mFGMON$sC.G. 8985 V.
966 ## $dVol. 1$lBN$mFGMON$pBiblioteca particular Leandro de Moraes Sarmento$sL.M.S. 652 $x3
966 ## $dVol. 2$lBN$mFGMON$pBiblioteca particular Leandro de Moraes Sarmento$sL.M.S. 653 $x3

OpendataBNP@bnportugal.pt | Mais informação sobre acesso aos dados BNP